|
|
|
|
| LEADER |
01635nam a2200433 i 4500 |
| 001 |
nkc20233495140 |
| 003 |
CZ PrNK |
| 005 |
20230220132342.0 |
| 007 |
ta |
| 008 |
230124s2022 xr a f 001 0 cze |
| 015 |
|
|
|a cnb003495140
|
| 020 |
|
|
|a 978-80-271-3129-7
|q (vázáno) :
|c Kč 869,00
|
| 035 |
|
|
|a (OCoLC)1372330346
|
| 040 |
|
|
|a OLA001
|b cze
|e rda
|
| 041 |
0 |
|
|a cze
|b cze
|b eng
|
| 072 |
|
7 |
|a 616
|x Patologie. Klinická medicína
|2 Konspekt
|9 14
|
| 080 |
|
|
|a 616.12
|2 MRF
|
| 080 |
|
|
|a (048.8:082)
|2 MRF
|
| 100 |
1 |
|
|a Skalická, Hana,
|d 1953-
|7 mzk2007394764
|4 aut
|
| 245 |
1 |
0 |
|a Ambulantní kardiologie v praxi :
|b snadno a s přehledem /
|c Hana Skalická, Miloš Táborský a kolektiv
|
| 250 |
|
|
|a 1. vydání
|
| 264 |
|
1 |
|a Praha :
|b Grada Publishing,
|c 2022
|
| 300 |
|
|
|a xv, 393 stran :
|b ilustrace (převážně barevné) ;
|c 25 cm
|
| 336 |
|
|
|a text
|b txt
|2 rdacontent
|
| 337 |
|
|
|a bez média
|b n
|2 rdamedia
|
| 338 |
|
|
|a svazek
|b nc
|2 rdacarrier
|
| 504 |
|
|
|a Obsahuje bibliografie, bibliografické odkazy a rejstřík
|
| 546 |
|
|
|a České a anglické resumé
|
| 650 |
0 |
7 |
|a kardiologie
|7 ph121467
|2 czenas
|
| 650 |
0 |
9 |
|a cardiology
|2 eczenas
|
| 655 |
|
7 |
|a kolektivní monografie
|7 fd501537
|2 czenas
|
| 655 |
|
9 |
|a collective monographs
|2 eczenas
|
| 700 |
1 |
|
|a Táborský, Miloš,
|d 1962-
|7 jn20010310074
|4 aut
|
| 910 |
2 |
|
|a BOA001
|b 2-1502.485
|
| 990 |
|
|
|a BK
|
| 995 |
|
|
|a 01
|
| 991 |
|
|
|b 202302
|c NOV
|
| 996 |
6 |
|
|b 2610929280
|c 2-1502.485
|l MZK
|r Sklad / do 1 hodiny
|n 0
|p p.v.
|w 001912945
|u 000010
|a 1
|e BOA001
|j MZK50
|s P
|
| 996 |
7 |
|
|b 2610930910
|c 2-1502.485
|l Vol.výběr
|r VV 1p
|n 1
|p kup
|h 616.1 SKA
|w 001912945
|u 000020
|a 0
|e BOA001
|j MZK50
|s A
|